[Event "HUN-chT"]
[Site "HUN"]
[Date "1993.??.??"]
[Round "?"]
[White "Csoke, Krisztian"]
[Black "Porubszky Angyalosine, Maria A"]
[Result "1/2-1/2"]
[WhiteElo "2280"]
[BlackElo "2175"]

1.e4 c5 2.Nf3 e6 3.d4 cxd4 4.Nxd4 a6 5.Bd3 Nc6 6.Nxc6 dxc6 7.O-O e5 8.Qe2 Nf6
9.h3 Be7 10.Be3 O-O 11.Nd2 Be6 12.Bc4 Qc8 13.a4 Bxc4 14.Qxc4 b5 15.Qb3 h6
16.c4 Qe6 17.Qc2 Bb4 18.Rfd1  1/2-1/2

[Event "HUN-chT"]
[Site "HUN"]
[Date "1993.??.??"]
[Round "?"]
[White "Kereszturi, Sara"]
[Black "Pogats, Jozsef"]
[Result "0-1"]
[WhiteElo "2160"]
[BlackElo "2260"]

1.e4 c5 2.Nf3 e6 3.d4 cxd4 4.Nxd4 a6 5.Bd3 Nf6 6.O-O d6 7.b3 g6 8.Bb2 Bg7
9.c4 O-O 10.Nc3 Bd7 11.Kh1 Nc6 12.Nxc6 Bxc6 13.Qe2 Qc7 14.Rac1 Qa5 15.f4 Rab8
16.a3 b5 17.b4 Qb6 18.e5 dxe5 19.c5 Qc7 20.fxe5 Nd7 21.Be4 Nxe5 22.Bxc6 Nxc6
23.Ne4 e5 24.Nf6+ Kh8 25.Qg4 Qe7 26.Nd5 Qd8 27.Rcd1 f5 28.Qh3 Nd4 29.Bxd4 Qxd5
30.Bb2 Qc4 31.Rfe1 Rfd8 32.Qe3 Qe6 33.Kg1 e4 34.Bxg7+ Kxg7 35.Rd4 Qf6 36.Red1 Rxd4
37.Qxd4 Re8 38.Kf2 Qxd4+ 39.Rxd4 Kf6 40.Rd5 Re5 41.Rd6+ Re6 42.Rd5 f4 43.Ke2 g5
44.h3 e3 45.Rd4 Ke5 46.Rd7 h6 47.Rd8 Kf5 48.Rd7 Kg6 49.Rd8 h5 50.Rg8+ Kf6
51.Rh8 Re4 52.Rxh5 Rc4 53.Rh6+ Kf5 54.Rxa6 Rc2+ 55.Kf1 Rc1+ 56.Ke2 Rg1 57.Ra8 Rxg2+
58.Kf1 Rc2 59.Re8 g4 60.hxg4+ Kxg4 61.Rh8 f3 62.Rg8+ Kh5 63.Kg1 Rc1+  0-1

[Event "HUN-chT"]
[Site "HUN"]
[Date "1993.??.??"]
[Round "?"]
[White "Fogarasi, Tibor"]
[Black "Izsak, Gyula"]
[Result "1-0"]
[WhiteElo "2395"]
[BlackElo "2395"]

1.e4 c5 2.Nf3 e6 3.d4 cxd4 4.Nxd4 a6 5.Bd3 Nc6 6.Nxc6 bxc6 7.f4 d5 8.Qf3 Nf6
9.e5 Nd7 10.O-O Nc5 11.Be2 Ne4 12.Kh1 Be7 13.Nd2 Nxd2 14.Bxd2 O-O 15.Bd3 g6
16.Rad1 Rb8 17.b3 c5 18.c4 dxc4 19.Bxc4 Bb7 20.Qg3 Qc8 21.f5 exf5 22.Bh6 Re8
23.e6 f6 24.Rxf5 Qc6 25.Rfd5 Kh8 26.Rd7 Rbd8 27.h3 Rxd7 28.Rxd7 Bc8 29.Bd5 Qb5
30.Ra7 Qf1+ 31.Kh2 Qb5 32.Bf4 Qb6 33.Ra8 Rf8 34.Bc7 Qb5 35.Rb8 Qe2 36.Bc4 Qe4
37.Rb6 Re8 38.Bxa6 Bxa6 39.Rxa6 Qb7 40.Rb6 Qd5 41.a4 Rc8 42.Rb8 Rxb8 43.Bxb8 Qxe6
44.a5 Bd8 45.Bc7 Qd7 46.Bb6 Be7 47.Qb8+ Kg7 48.Bc7 c4 49.a6 Bc5 50.b4 Be3
51.Bd6 g5 52.Qb7 Qf7 53.Qe4 Ba7 54.b5 c3 55.Qc6 Bf2 56.Qxc3 Qd5 57.Qc7+ Kg6
58.Bg3 Bc5 59.b6 Qd4 60.Qxc5 Qxc5 61.b7 Qb6 62.b8=Q Qxa6 63.Qg8+ Kh6 64.Qf8+ Kg6
65.Bd6 Qc4 66.Qe8+ Kf5 67.g4+  1-0

[Event "HUN-chT"]
[Site "HUN"]
[Date "1993.??.??"]
[Round "?"]
[White "Kiss, Laurentiu"]
[Black "Izsak, Gyula"]
[Result "1/2-1/2"]
[WhiteElo "2290"]
[BlackElo "2395"]

1.e4 c5 2.Nf3 e6 3.d4 cxd4 4.Nxd4 a6 5.Bd3 Qc7 6.O-O Nf6 7.c4 Nc6 8.Nxc6 bxc6
9.Nc3 Be7 10.Be3 O-O 11.f4 d6 12.Kh1 Bb7 13.Qf3  1/2-1/2

[Event "HUN-ch (Women)"]
[Site "HUN"]
[Date "1993.??.??"]
[Round "11"]
[White "Csoke, Adrienn"]
[Black "Kovacs Pinter, Marta"]
[Result "0-1"]
[WhiteElo "2235"]
[BlackElo "2200"]

1.e4 c5 2.Nf3 e6 3.d4 cxd4 4.Nxd4 a6 5.Bd3 Nc6 6.Nxc6 bxc6 7.c4 d6 8.O-O c5
9.Bc2 Ne7 10.Nc3 Nc6 11.Ba4 Bd7 12.Bxc6 Bxc6 13.Qd3 Be7 14.Rd1 Ra7 15.Qg3 g6
16.Bf4 Rd7 17.Rd2 O-O 18.Rad1 e5 19.Bh6 Re8 20.Nd5 Bxd5 21.Rxd5 Qa5 22.Qb3 Rdd8
23.Bd2 Qc7 24.Qh3 Rb8 25.Bc3 Qc8 26.Qxc8 Rexc8 27.g3 Rb7 28.b3 a5 29.Bxa5 Ra7
30.Bc3 Rxa2 31.R5d2 Ra3 32.Rb2 Rb8 33.Rdb1 f5 34.exf5 gxf5 35.Kf1 Kf7 36.Ke2 Bg5
37.Kd3 Ke6 38.Kc2 Bf6 39.Rd1 Rg8 40.Rd3 Rg4 41.f3 Rg7 42.Rd5 Ra6 43.Rd1 h5
44.Rg1 Ra8 45.Kd2 Rag8 46.Ke2 h4 47.Be1 hxg3 48.hxg3 Bh4 49.b4 cxb4 50.Rxb4 Bxg3
51.Rb6 Bxe1 52.Rxe1 Rg2+ 53.Ke3 f4+ 54.Kd3 Ra8 55.Kc3 Ra3+  0-1

[Event "Huy op"]
[Site "Huy"]
[Date "1993.??.??"]
[Round "7"]
[White "Djuric, Stefan"]
[Black "Chuchelov, Vladimir"]
[Result "0-1"]
[WhiteElo "2495"]
[BlackElo "2510"]

1.e4 c5 2.Nf3 e6 3.d4 cxd4 4.Nxd4 a6 5.Bd3 Nf6 6.O-O Qc7 7.Qe2 d6 8.Nb3 g6
9.a4 b6 10.N1d2 Bg7 11.a5 b5 12.f4 O-O 13.c4 Nc6 14.cxb5 axb5 15.Bxb5 Nxa5
16.Nxa5 Rxa5 17.Rxa5 Qxa5 18.Bd3 Qc5+ 19.Kh1 Bb7 20.Nc4 Bxe4 21.Nxd6 Bxg2+
22.Kxg2 Qxd6 23.Qc2 Rd8 24.Rf3 Nd5 25.Bc4 Qc6 26.Qe4 Rc8 27.b3 Nb6 28.Qxc6 Rxc6
29.Rd3 Bf6  0-1

[Event "Illinois op2"]
[Site "Illinois"]
[Date "1993.??.??"]
[Round "5"]
[White "Karklins, Andrew"]
[Black "Manion, Josh"]
[Result "1-0"]
[WhiteElo "2345"]
[BlackElo "2295"]

1.e4 c5 2.Nf3 e6 3.d4 cxd4 4.Nxd4 a6 5.Bd3 Qc7 6.O-O Bc5 7.Nf3 Nc6 8.a3 Nf6
9.b4 Bd6 10.h3 b5 11.Bb2 Bb7 12.Nbd2 Ne5 13.Re1 h5 14.Ra2 Rc8 15.Qa1 Nxf3+
16.Nxf3 Be7 17.Qd1 d5 18.exd5 Bxd5 19.Ra1 Qb7 20.Re3 Kf8 21.Qe2 Rg8 22.a4 g5
23.axb5 g4 24.hxg4 Nxg4 25.bxa6 Qxb4 26.c3 Qb6 27.Re4 Bc5 28.Ba3 f5 29.Rd4 Bxa3
30.Rxd5 exd5 31.Rxa3 Qd6 32.Rb3 Re8 33.Qd2 Ne5 34.Nxe5 Qxe5 35.Qh6+ Qg7 36.Qd6+ Qe7
37.Qxd5 Qe1+ 38.Bf1 Rg7 39.Rb7 Rxb7 40.axb7 Qxc3 41.Qd6+  1-0

[Event "ISL-ch"]
[Site "?"]
[Date "1993.??.??"]
[Round "2"]
[White "Vidarsson, Jon G"]
[Black "Hjartarson, Johann"]
[Result "0-1"]
[WhiteElo "2325"]
[BlackElo "2605"]

1.e4 c5 2.Nf3 e6 3.d4 cxd4 4.Nxd4 a6 5.Bd3 Nf6 6.O-O Qc7 7.Qe2 d6 8.c4 g6
9.Nc3 Bg7 10.Nf3 O-O 11.Bf4 Ng4 12.c5 Qxc5 13.Rac1 Nc6 14.Nb5 Qh5 15.Nxd6 Bh6
16.Be3 Nce5 17.h3 Nxe3 18.fxe3 Nxd3 19.Qxd3 Bd7 20.Rfd1 Bc6 21.b4 Rad8 22.Kf2 Bg7
23.g4 Qxh3 24.Rh1 Qxg4 25.Rh4 Qxh4+ 26.Nxh4 Be5 27.Nf3 Rxd6 28.Qb1 Bg7 29.Rd1 Rxd1
30.Qxd1 Bxe4 31.Qd7 Bf6 32.Qc7 Bd5 33.Qf4 Bg7 34.a4 h6 35.Ne5 g5 36.Qg3 Rc8
37.Nd7 Rc2+ 38.Ke1 Bc3+ 39.Kf1 Bc4+ 40.Kg1 Rc1+ 41.Kh2 Bd5 42.Qb8+ Kh7 43.e4 Bxe4
44.Nf8+ Kg7 45.Nxe6+ fxe6  0-1

[Event "Isle of Man op"]
[Site "Isle of Man"]
[Date "1993.??.??"]
[Round "?"]
[White "Hennigan, Michael"]
[Black "Emms, John M"]
[Result "0-1"]
[WhiteElo "2415"]
[BlackElo "2450"]

1.e4 c5 2.Nf3 e6 3.d4 cxd4 4.Nxd4 a6 5.Bd3 Nf6 6.O-O Qc7 7.Qe2 d6 8.c4 g6
9.Nc3 Bg7 10.Nf3 Nc6 11.Bf4 e5 12.Be3 Bg4 13.h3 Nd4 14.Bxd4 Bxf3 15.Qxf3 exd4
16.Nd5 Nxd5 17.cxd5 O-O 18.Rfc1 Qa5 19.Qd1 Rac8 20.a3 Bh6 21.Rc2 Rc7 22.Rxc7 Qxc7
23.Qb3 Rc8 24.Rd1 Qe7 25.g3 Bg7 26.Kg2 Rc5 27.Qb6 h5 28.h4 Bf6 29.Rd2 Kg7
30.Rc2 Rb5 31.Qa7 Rb3 32.Rd2 Qc7 33.Rc2 Qe7 34.Rd2 Rxd3 35.Rxd3 Qxe4+ 36.Rf3 Qxd5  0-1

[Event "Isle of Man op"]
[Site "Isle of Man"]
[Date "1993.??.??"]
[Round "?"]
[White "Arakhamia, Ketevan"]
[Black "Emms, John M"]
[Result "1-0"]
[WhiteElo "2440"]
[BlackElo "2450"]

1.e4 c5 2.Nf3 e6 3.d4 cxd4 4.Nxd4 a6 5.Bd3 Qc7 6.O-O Nf6 7.Qe2 d6 8.c4 g6
9.Nc3 Bg7 10.Nf3 Nc6 11.Bf4 e5 12.Bg5 Bg4 13.Qe3 h6 14.Bxf6 Bxf6 15.Nd5 Qd8
16.c5 dxc5 17.Qxc5 Bxf3 18.gxf3 Be7 19.Qb6 Qxb6 20.Nxb6 Rd8 21.Rfd1 Bc5 22.Nd5 O-O
23.Bxa6 Nd4 24.Rac1 Bd6 25.Bc4 Nxf3+ 26.Kg2 Nd4 27.a4 Kg7 28.b4 f5 29.f3 Ne6
30.exf5 Rxf5 31.Bd3 Rg5+ 32.Kh1 Rf8 33.Be4 Nd4 34.Rd3 Rf7 35.b5 Rh5 36.b6 Ne2
37.Rc2 Ng3+ 38.Kg2 Nxe4 39.fxe4 Rh4 40.Rc4 Rg4+ 41.Rg3 Rxg3+ 42.hxg3 Rf8
43.a5 Ra8 44.Ra4 Kf7 45.Ra1 Ke6 46.Rf1 Rf8 47.Nc7+ Kd7 48.Rd1 Rf6 49.Rd5 Kc6
50.Ne8 Re6 51.Nxd6 Rxd6 52.Rxe5 Rf6 53.Rd5 h5 54.Rg5 Re6 55.Kf3 Rf6+ 56.Ke3 Rd6
57.Re5 Rf6 58.Kd4 Rd6+ 59.Kc4 Rd1 60.Re6+  1-0

[Event "Jakarta Interzonal (Women)"]
[Site "Jakarta"]
[Date "1993.??.??"]
[Round "?"]
[White "Arakhamia, Ketevan"]
[Black "Cramling, Pia"]
[Result "1/2-1/2"]
[WhiteElo "2440"]
[BlackElo "2525"]

1.e4 c5 2.Nf3 e6 3.d4 cxd4 4.Nxd4 a6 5.Bd3 Bc5 6.Nb3 Ba7 7.Qe2 Nc6 8.Be3 Nge7
9.Nc3 d6 10.a4 Bxe3 11.Qxe3 b6 12.O-O O-O 13.Rad1 Qc7 14.f4 Bb7 15.Qh3 Nb4
16.f5 e5 17.f6 Ng6 18.Qh5 Rae8 19.Nd2 Re6 20.fxg7 Kxg7 21.Bc4 Qc5+ 22.Kh1 Nf4
23.Rxf4 exf4 24.Qxc5 bxc5 25.Bxe6 fxe6 26.Nc4 Bc6 27.Rxd6 Kf6 28.Nb6 Ke7
29.Rd2 Rd8 30.Re2 Na2 31.Nbd5+ exd5 32.exd5+ Kf6 33.Nxa2 Rxd5 34.Nc3 Rd4
35.Kg1 Bxa4 36.Ne4+  1/2-1/2

[Event "Jyvaskyla op"]
[Site "Jyvaskyla"]
[Date "1993.??.??"]
[Round "4"]
[White "Rantanen, Yrjo A"]
[Black "Havansi, Erkki ET"]
[Result "1-0"]
[WhiteElo "2350"]
[BlackElo "2275"]

1.e4 c5 2.Nf3 e6 3.d4 cxd4 4.Nxd4 a6 5.Bd3 Nf6 6.O-O d6 7.c4 Be7 8.Nc3 O-O
9.Be3 Nc6 10.Rc1 Nxd4 11.Bxd4 e5 12.Be3 Be6 13.Be2 Rc8 14.b3 Qd7 15.f3 Qc6
16.Qd2 Ne8 17.Rfd1 g6 18.Nd5 Bxd5 19.exd5 Qd7 20.b4 Ng7 21.f4 exf4 22.Bxf4 b6
23.Kh1 Rfd8 24.Qd4 Qb7 25.Qf2 h5 26.Be3 Rb8 27.Bd3 Ne8 28.Bd4 Bg5 29.Rc2 Ng7
30.Qg3 Be7 31.Rf1 Bf8 32.Rcf2 Rd7 33.Qg5 Re8 34.Qh6 Rde7 35.Rxf7 Rxf7 36.Rxf7 Qxf7
37.Bxg6 Re1+ 38.Bg1 Qxg6 39.Qxg6 a5 40.bxa5 bxa5 41.h3 h4 42.Kh2 Re2 43.a4 Ra2
44.Bd4 Rd2 45.Bf6 Ra2 46.Qg4 Rxa4 47.Bxg7 Bxg7 48.Qe6+ Kh7 49.Qe4+ Kh6 50.Qxh4+  1-0

[Event "Katowice op"]
[Site "Katowice"]
[Date "1993.??.??"]
[Round "7"]
[White "Cimra, Jozef"]
[Black "Kruszynski, Wlodzimierz"]
[Result "0-1"]
[WhiteElo "2300"]
[BlackElo "2380"]

1.e4 c5 2.Nf3 e6 3.d4 cxd4 4.Nxd4 a6 5.Bd3 Bc5 6.Nb3 Ba7 7.Qe2 Nc6 8.Be3 Bxe3
9.Qxe3 Nf6 10.Nc3 d6 11.O-O-O O-O 12.Rhg1 b5 13.g4 b4 14.Na4 Rb8 15.g5 Ne8
16.e5 Qc7 17.exd6 Nxd6 18.Qc5 Rd8 19.Rg4 e5 20.Rh4 g6 21.Re1 Bf5 22.Bxf5 Rb5
23.Bd3 Rxc5 24.Naxc5 a5 25.Kb1 Nd4 26.Rh3 Nxb3 27.Nxb3 e4 28.Bf1 Nf5 29.c3 a4
30.Nc1 a3 31.cxb4 Rd2 32.Rc3  0-1

[Event "Komotini GP"]
[Site "Komotini"]
[Date "1993.??.??"]
[Round "5"]
[White "Kotronias, Vasilios"]
[Black "Stefansson, Hannes"]
[Result "1-0"]
[WhiteElo "2590"]
[BlackElo "2500"]

1.e4 c5 2.Nf3 e6 3.d4 cxd4 4.Nxd4 a6 5.Bd3 Nf6 6.O-O Qc7 7.Qe2 d6 8.c4 g6
9.Nc3 Bg7 10.Nf3 O-O 11.Rd1 Nc6 12.Bf4 e5 13.Be3 Bg4 14.h3 Bxf3 15.Qxf3 Nd7
16.Nd5 Qd8 17.b4 Nd4 18.Qg3 Nf6 19.Bg5 Ne6 20.Bh4 h6 21.Qf3 g5 22.Nxf6+ Qxf6
23.Qxf6 Bxf6 24.Bg3 a5 25.a3 Nd4 26.f3 Nc6 27.Rab1 Bd8 28.c5 axb4 29.axb4 Be7
30.cxd6 Bxd6 31.Ba6 Rxa6 32.Rxd6 Nxb4 33.Bxe5 Nc2 34.Rxb7 Rxd6 35.Bxd6 Rc8
36.Be5 Ne1 37.Bc7 Nd3 38.Kh2 Kg7 39.h4 Nc5 40.Be5+ Kg8 41.Ra7 g4 42.h5 gxf3
43.gxf3 Ne6 44.Kg3 Ng7 45.Kg4 Rc1 46.Ra8+ Kh7 47.f4 Rg1+ 48.Kf3 Rf1+ 49.Ke2 Rh1
50.Rf8 Nxh5 51.f5 f6 52.Bxf6 Nxf6 53.Rf7+ Kg8 54.Rxf6 Rh3 55.e5 h5 56.e6 Ra3
57.Rg6+ Kh7 58.e7 Ra8 59.Rg1  1-0

[Event "La Coruna"]
[Site "La Coruna"]
[Date "1993.??.??"]
[Round "2"]
[White "Leira, Julio"]
[Black "Kurajica, Bojan"]
[Result "1/2-1/2"]
[WhiteElo "2230"]
[BlackElo "2535"]

1.e4 c5 2.Nf3 e6 3.d4 cxd4 4.Nxd4 a6 5.Bd3 Nf6 6.O-O Qc7 7.Qe2 d6 8.c4 g6
9.Nc3 Bg7 10.Be3 O-O 11.Rac1 Nbd7 12.Rfd1 b6 13.f3 Bb7 14.Qf2 Rae8 15.Bf1 Nh5
16.b4 Be5 17.Nde2 d5 18.f4 d4 19.Bxd4 Nxf4 20.Bxe5 Nxe2+ 21.Bxe2 Nxe5 22.c5 bxc5
23.Na4 c4 24.Qf4 Rd8 25.Rxd8 Rxd8 26.Nc5 Bc8 27.Bxc4 Qd6 28.Be2 Qd4+ 29.Kf1 Qb2
30.Nb3 Qxa2 31.Qxe5 Qxb3 32.Qb8 Kg7 33.Rxc8 Rxc8 34.Qxc8 Qxb4 35.Qxa6 Qxe4
36.Qa1+ e5 37.Qc1 h5 38.Qd2 Qh4 39.Kg1 Qe4 40.Bf3 Qb1+ 41.Kf2 Qb6+ 42.Qe3 Qd6
43.Qe4 f5 44.Qd5 Qf6 45.Kf1 e4 46.Be2 h4 47.Bc4 Qa1+ 48.Ke2 Qb2+ 49.Qd2 Qe5
50.h3 f4 51.Qd5 f3+ 52.gxf3 exf3+ 53.Kxf3  1/2-1/2

[Event "La Coruna"]
[Site "La Coruna"]
[Date "1993.??.??"]
[Round "5"]
[White "Garcia Carbo, Marcial"]
[Black "Paramos Dominguez, Roberto"]
[Result "0-1"]
[WhiteElo "2315"]
[BlackElo "2315"]

1.e4 c5 2.Nf3 e6 3.d4 cxd4 4.Nxd4 a6 5.Bd3 Nf6 6.O-O Qc7 7.Bg5 Be7 8.Kh1 Nc6
9.Nxc6 bxc6 10.Nc3 d5 11.f4 Bb7 12.e5 Nd7 13.Bxe7 Kxe7 14.Qg4 g6 15.Qh4+ Ke8
16.Rae1 h5 17.f5 gxf5 18.Bxf5 Qd8 19.Qb4 Qb6 20.Qf4 Kd8 21.Bd3 Kc7 22.b4 c5
23.bxc5 Qxc5 24.Na4 Qc6 25.Qb4 Rhg8 26.Rxf7 Raf8 27.Re7 Re8 28.Rh7 Rg4 29.Qa5+ Kb8
30.Rxd7 Rxa4 31.Rxb7+ Kxb7 32.Rb1+ Ka7 33.Qe1 Qc5 34.Qf1 Rf8 35.Qe2 h4 36.Qh5 Raf4
37.Qh7+ R8f7 38.Qh8 Qf8 39.Qh5  0-1

[Event "Las Palmas-C"]
[Site "Las Palmas"]
[Date "1993.??.??"]
[Round "3"]
[White "Morales, Julian"]
[Black "Strikovic, Aleksa"]
[Result "0-1"]
[WhiteElo "2220"]
[BlackElo "2465"]

1.e4 c5 2.Nf3 e6 3.d4 cxd4 4.Nxd4 a6 5.Bd3 Nf6 6.Qe2 d6 7.O-O g6 8.Be3 Bg7
9.Nd2 Qc7 10.f4 Nbd7 11.Kh1 O-O 12.c3 b6 13.N4f3 Bb7 14.Rae1 Nc5 15.Bd4 Rfe8
16.Bc2 e5 17.fxe5 dxe5 18.Bxc5 Qxc5 19.Bb3 Re7 20.Qc4 Rc8 21.Ng5 b5 22.Qe2 h6
23.Nh3 Rd8 24.Bc2 Red7 25.Nb3 Qb6 26.Qf2 Qxf2 27.Nxf2 Rc7 28.a3 Kf8 29.Rd1 Rxd1
30.Rxd1 Ke7 31.Kg1 Ne8 32.Kf1 Nd6 33.Na5 Ba8 34.Bd3 f5 35.Re1 Ke6 36.Nb3 h5
37.Nd2 Bf6 38.Nf3 f4 39.Bb1 g5 40.Ba2+ Nc4 41.b4 Ke7 42.Bxc4 Rxc4 43.Rc1 g4
44.Nd2 Rc8 45.Ke2 Bg5 46.Rc2 g3 47.hxg3 fxg3 48.Nd1 Bxd2 49.Rxd2 Bxe4 50.Ke3 Bb7  0-1

[Event "Leeuwarden op"]
[Site "Leeuwarden"]
[Date "1993.??.??"]
[Round "9"]
[White "Nijboer, Friso"]
[Black "Horvath, Csaba"]
[Result "0-1"]
[WhiteElo "2555"]
[BlackElo "2495"]

1.e4 c5 2.Nf3 e6 3.d4 cxd4 4.Nxd4 a6 5.Bd3 Nf6 6.O-O Qc7 7.Qe2 d6 8.c4 g6
9.Nc3 Bg7 10.Nf3 O-O 11.Bf4 Ng4 12.Rac1 Ne5 13.Rfd1 b6 14.b3 Bb7 15.Bb1 Nbc6
16.h3 Rab8 17.Be3 Ba8 18.Ne1 f5 19.Qd2 Nf7 20.exf5 gxf5 21.Nd5 Qd8 22.Nf4 Re8
23.Nh5 Qh4 24.Qe2 Nd4 25.Bxd4 Bxd4 26.Rd3 Bxf2+ 27.Qxf2 Qxh5 28.Rg3+ Kh8
29.Nd3 e5 30.Nb4 f4 31.Rg4 Rg8 32.Nxa6 Nh6 33.Be4 Bxe4 34.Qe2 Nxg4 35.hxg4 Rxg4
36.Qxe4 Rbg8 37.Rc2 Rh4 38.Qd3 Rh1+ 39.Kf2 Qh4+  0-1

[Event "Lenk op"]
[Site "Lenk"]
[Date "1993.??.??"]
[Round "4"]
[White "Luther, Thomas"]
[Black "Suetin, Alexey S"]
[Result "1-0"]
[WhiteElo "2465"]
[BlackElo "2410"]

1.e4 c5 2.Nf3 e6 3.d4 cxd4 4.Nxd4 a6 5.Bd3 Bc5 6.Nb3 Ba7 7.O-O Ne7 8.e5 Nbc6
9.Bf4 Ng6 10.Bxg6 hxg6 11.N1d2 g5 12.Bg3 f5 13.exf6 gxf6 14.Bd6 Ne7 15.Ne4 Nf5
16.Qf3 Nxd6 17.Nxd6+ Ke7 18.Rad1 Bb8 19.Qd3 Bxd6 20.Qxd6+ Kf7 21.f4 gxf4
22.Rxf4 Qe7 23.Rxf6+ Qxf6 24.Rf1 Qxf1+ 25.Kxf1 b5 26.Nd4 Rh5 27.Nf3 Rd5 28.Ne5+ Ke8
29.Qc7 a5 30.Ng4 Rf5+ 31.Kg1 b4 32.Ne5 a4 33.Nc4 Ke7 34.g4 Rg5 35.Nb6 Rxg4+
36.Kf2 Bb7 37.Qxd7+ Kf6 38.Nxa8 Be4 39.Nc7 Bf5 40.Ne8+ Kg5 41.Qe7+ Kh6 42.Qf6+ Kh7
43.Qe5 Kh6 44.h3 Rg8 45.Qf4+ Kg6 46.Qg3+  1-0

[Event "Liechtenstein op"]
[Site "Liechtenstein"]
[Date "1993.??.??"]
[Round "4"]
[White "Mainka, Romuald"]
[Black "Salov, Sergei"]
[Result "1-0"]
[WhiteElo "2515"]
[BlackElo "2280"]

1.e4 c5 2.Nf3 e6 3.d4 cxd4 4.Nxd4 a6 5.Bd3 Nf6 6.O-O Qc7 7.Nc3 Nc6 8.Be3 Bd6
9.Nxc6 bxc6 10.f4 e5 11.f5 Be7 12.Na4 d5 13.Bb6 Qb8 14.Qe2 c5 15.c4 Nd7 16.Ba5 d4
17.b3 Bb7 18.Rae1 Bc6 19.Nb2 Qb7 20.Qg4 Kf8 21.Nd1 Nf6 22.Qf3 Bd8 23.Bd2 a5
24.Nf2 a4 25.Bc2 axb3 26.Bxb3 h5 27.Re2 Ba5 28.Bxa5 Rxa5 29.Qg3 Qe7 30.Rb1 Ra8
31.Bd1 Rd8 32.Qa3 Ra8 33.Qg3 h4 34.Qf3 Qd6 35.Reb2 Ke7 36.Qd3 Rhb8 37.Bb3 Rg8
38.Re1 g5 39.fxg6 Rxg6 40.Bd1 Rb8 41.Rb3 Bd7 42.Bf3 Rgg8 43.Reb1 Be6 44.Qc2 Nd7
45.Qc1 Ra8 46.R1b2 Ra4 47.Be2 Qa6 48.Qd2 Bxc4 49.Bxc4 Qxc4 50.Rb7 Ra6 51.Nd3 Qc3
52.Qe2 h3 53.g3 Rag6 54.Qh5 f6 55.Qf5 Rd8 56.Qxg6 Qxd3 57.Rxd7+ Rxd7 58.Qg7+ Ke6
59.Rb6+ Rd6 60.Qg4+ Ke7 61.Rb7+ Rd7  1-0

[Event "SWE-chA"]
[Site "Lindesberg"]
[Date "1993.??.??"]
[Round "?"]
[White "Moberg, Karl Johan"]
[Black "Lind, Jan Olov"]
[Result "1-0"]
[WhiteElo "2300"]
[BlackElo "2305"]

1.e4 c5 2.Nf3 e6 3.d4 cxd4 4.Nxd4 a6 5.Bd3 Nc6 6.Nxc6 dxc6 7.Nd2 Bd6 8.Nc4 Bc7
9.Qg4 Nf6 10.Qxg7 Rg8 11.Qh6 b5 12.Ne3 Qd4 13.O-O Nxe4 14.Qh4 Nd2 15.Qxd4 Nf3+
16.Kh1 Nxd4 17.c3 Nf5 18.Nxf5 exf5 19.Re1+ Kd8 20.a4 b4 21.cxb4 Bd6 22.Bd2 Rg4
23.b5 axb5 24.axb5 Rxa1 25.Rxa1 Rd4 26.Ba5+ Ke7 27.Re1+ Kf8 28.Bf1 cxb5 29.Bxb5 Rd5
30.Re8+ Kg7 31.Bc3+ Kh6 32.Be2 Bd7 33.Re3 Bb5 34.Bxb5 Rxb5 35.Kg1 Kg6 36.Rd3 Ba3
37.Rd2 Bb4 38.Kf1 Bxc3 39.bxc3 Rb1+ 40.Ke2 Rc1 41.Kd3 Rh1 42.h3 Rg1 43.f3 Kf6
44.Re2 Rd1+ 45.Kc2 Rd8 46.c4 Rc8 47.Kc3 f4 48.Kb4 Rb8+ 49.Ka5 Rc8 50.Kb5 Rb8+
51.Ka6 Rc8 52.Re4 Ra8+ 53.Kb7 Ra2 54.c5 Rxg2 55.c6 Rb2+ 56.Ka6 Ra2+ 57.Kb6 Rb2+
58.Kc5 Rb8 59.c7 Rg8 60.Kb6 Kg5 61.Kb7 f5 62.Rd4 h5 63.c8=Q Rxc8 64.Kxc8 Kh4
65.Rxf4+ Kxh3 66.Rxf5 h4 67.Rg5 Kh2 68.f4 h3 69.f5 Kh1 70.f6 h2 71.Rh5  1-0

[Event "Lippstadt"]
[Site "Lippstadt"]
[Date "1993.??.??"]
[Round "?"]
[White "Mainka, Romuald"]
[Black "Hoffmann, Michael"]
[Result "1/2-1/2"]
[WhiteElo "2515"]
[BlackElo "2460"]

1.e4 c5 2.Nf3 e6 3.d4 cxd4 4.Nxd4 a6 5.Bd3 g6 6.Nc3 Bg7 7.Be3 Ne7 8.Qd2 d5
9.Nb3 O-O 10.Bh6 Bxh6 11.Qxh6 d4 12.Ne2 e5 13.f4 Nbc6 14.O-O Kh8 15.fxe5 Ng8
16.Qf4 Be6 17.Rad1 Qb6 18.Kh1 Rad8 19.Qf2 Bxb3 20.axb3 Nxe5 21.Qg3 Rfe8 22.Qh4 Kg7
23.Bc4 Nf6 24.Bd5 Nxd5 25.exd5 d3 26.cxd3 Rxd5 27.d4 Nd7 28.Nc3 Rh5 29.Qf2 Rf5
30.Qd2 Rxf1+ 31.Rxf1 Qd6 32.d5 f5 33.b4 Nf6 34.Qd4  1/2-1/2

[Event "Lippstadt"]
[Site "Lippstadt"]
[Date "1993.??.??"]
[Round "?"]
[White "Matthias, Heiner"]
[Black "Hoffmann, Michael"]
[Result "0-1"]
[WhiteElo "2335"]
[BlackElo "2460"]

1.e4 c5 2.Nf3 e6 3.d4 cxd4 4.Nxd4 a6 5.Bd3 g6 6.c4 Bg7 7.Ne2 Nf6 8.Nbc3 O-O
9.O-O d6 10.b3 Nbd7 11.a4 b6 12.Ba3 Qc7 13.Rc1 Bb7 14.Bb1 Nc5 15.Ng3 Rad8
16.b4 Ncd7 17.Qe2 Rc8 18.Ba2 Ne5 19.Nb1 Nfd7 20.Rfd1 Bh6 21.Rc3 Rfe8 22.Qf1 Bf8
23.f4 Nc6 24.Rcd3 e5 25.c5 bxc5 26.bxc5 exf4 27.cxd6 Qb6+ 28.Kh1 Bh6 29.Bd5 Nb4
30.a5 Qb5 31.Bxb4 Bxd5 32.Bd2 Bc4 33.Nc3 Bxd3  0-1

[Event "Mar del Plata Mayor"]
[Site "Mar del Plata"]
[Date "1993.??.??"]
[Round "?"]
[White "Vasta, Eduardo"]
[Black "Piscicelli, Daniel"]
[Result "1-0"]
[WhiteElo "2395"]
[BlackElo "2330"]

1.e4 c5 2.Nf3 e6 3.d4 cxd4 4.Nxd4 a6 5.Bd3 Nc6 6.Nxc6 dxc6 7.O-O e5 8.Nd2 Qc7
9.Kh1 Nf6 10.f4 exf4 11.Nc4 g5 12.Bd2 Bg7 13.e5 Nd5 14.Nd6+ Kf8 15.c4 Bxe5
16.Nxc8 Nf6 17.Bf5 Rxc8 18.Bxc8 Qxc8 19.Qc2 Kg7 20.Rae1 Re8 21.Bc3 Bxc3 22.Qxc3 c5
23.Re5 h6 24.Rd1  1-0

[Event "Marostica op"]
[Site "Marostica"]
[Date "1993.??.??"]
[Round "4"]
[White "Belotti, Bruno"]
[Black "Jurkovic, Hrvoje"]
[Result "1/2-1/2"]
[WhiteElo "2410"]
[BlackElo "2240"]

1.e4 c5 2.Nf3 e6 3.d4 cxd4 4.Nxd4 a6 5.Bd3 Nc6 6.Nxc6 dxc6 7.f4 e5 8.f5 Bc5
9.Qf3 Nf6 10.Nd2 b5 11.Nb3 Ba7 12.Be3 Qe7 13.Bxa7 Qxa7 14.a4 Qe7 15.Qe3 Qb4+
16.Qd2 Qxd2+ 17.Kxd2 Ke7 18.Ke3 Bd7 19.Nc5 Rhb8 20.Ra2 Kd6 21.b4 a5 22.Nxd7 Nxd7
23.axb5 axb4 24.Rxa8 Rxa8 25.bxc6 Kxc6 26.Bc4 Ra3+ 27.Ke2 f6 28.Rd1 Rc3 29.Bd5+ Kb5
30.Kd2 Nb6 31.Bb3 Rc7 32.Ra1 Nc4+ 33.Ke2 Na3 34.Kd3 h6 35.Kd2 Kb6 36.Re1 Nb5
37.Re3 Nd4 38.Rg3 Kb5 39.h4 Rd7 40.Ke3 Rc7 41.Kd2 Ka5 42.Rd3 Kb5 43.Rg3  1/2-1/2

[Event "Andalucia-chT"]
[Site "Matalascanas"]
[Date "1993.??.??"]
[Round "5"]
[White "Garcia Luque, Agustin"]
[Black "Munoz Moreno, Francisco Javier"]
[Result "1/2-1/2"]
[WhiteElo "2345"]
[BlackElo "2280"]

1.e4 c5 2.Nf3 e6 3.d4 cxd4 4.Nxd4 a6 5.Bd3 Nf6 6.O-O d6 7.c3 e5 8.Nc2 Be7
9.Bg5 O-O 10.Ne3 Be6 11.Nd2  1/2-1/2

[Event "Minsk-B"]
[Site "Minsk"]
[Date "1993.??.??"]
[Round "7"]
[White "Bashkov, Viacheslav"]
[Black "Tunik, Gennady"]
[Result "1/2-1/2"]
[WhiteElo "2450"]
[BlackElo "2465"]

1.e4 c5 2.Nf3 e6 3.d4 cxd4 4.Nxd4 a6 5.Bd3 Bc5 6.Nb3 Ba7 7.Qe2 d6 8.Nc3 Nc6
9.Be3 Nge7 10.O-O O-O 11.Rad1 b5 12.a4 b4 13.Nb1 Ng6 14.N1d2 Qf6 15.Bxa7 Rxa7
16.Nc4 d5 17.Nb6 Nf4 18.Qe3 d4 19.Qg3 Ne5 20.Rfe1 Nh5  1/2-1/2

[Event "Miraflores"]
[Site "Miraflores"]
[Date "1993.??.??"]
[Round "3"]
[White "Roselli Mailhe, Bernardo"]
[Black "Disconzi da Silva, Rodrigo"]
[Result "1/2-1/2"]
[WhiteElo "2340"]
[BlackElo "2315"]

1.e4 c5 2.Nf3 e6 3.d4 cxd4 4.Nxd4 a6 5.Bd3 Nf6 6.O-O Qc7 7.c4 Nc6 8.Nxc6 dxc6
9.Nd2 e5 10.h3 Be6 11.Nf3 Bc5 12.b3 O-O 13.Bb2 Nd7 14.a3 a5  1/2-1/2

[Event "Muenster-IM"]
[Site "Muenster"]
[Date "1993.??.??"]
[Round "4"]
[White "Ahn, Martin"]
[Black "Thesing, Matthias"]
[Result "0-1"]
[WhiteElo "2245"]
[BlackElo "2385"]

1.e4 c5 2.Nf3 e6 3.d4 cxd4 4.Nxd4 a6 5.Bd3 Nf6 6.Nc3 Qc7 7.Nb3 b5 8.a3 Bb7
9.O-O Be7 10.f4 d6 11.Qe2 Nc6 12.Kh1 O-O 13.Bd2 Nd7 14.Rf3 g6 15.Raf1 Bf6
16.Qf2 b4 17.Nd1 a5 18.Ne3 Bxb2 19.Rh3 Bg7 20.Qh4 h6 21.Ng4 h5 22.f5 exf5
23.Nh6+ Kh7 24.Rxf5 Qd8 25.Rxh5 Qxh4 26.R5xh4 Bf6 27.Rg4 Nde5 28.Rgg3 Kg7
29.Bb5 Bc8 30.Nf5+ Bxf5 31.exf5 a4 32.Nc1 Nd4 33.Bh6+ Kg8 34.Bxf8 Nxb5 35.Bh6 Rc8
36.fxg6 fxg6 37.axb4 Rxc2 38.Ra3 Nxa3 39.Rxa3 g5 40.Ra1 Kh7 41.Bf8 Nf7 42.Rb1 Kg8  0-1

[Event "Muenster op"]
[Site "Muenster"]
[Date "1993.??.??"]
[Round "5"]
[White "Georg, Heinz"]
[Black "Himmel, Hansjoerg"]
[Result "1-0"]
[WhiteElo "2235"]
[BlackElo "2355"]

1.e4 c5 2.Nf3 e6 3.d4 cxd4 4.Nxd4 a6 5.Bd3 Nf6 6.Qe2 d6 7.c4 Nbd7 8.Nc3 Be7
9.O-O O-O 10.b3 Re8 11.Bb2 Bf8 12.Rad1 g6 13.Kh1 Nh5 14.Qe3 b6 15.Be2 Nhf6
16.f4 e5 17.Nc6 Qc7 18.Nb4 Bb7 19.fxe5 dxe5 20.Nbd5 Nxd5 21.Nxd5 Bxd5 22.Rxd5 Bg7
23.Rfd1 Rad8 24.Qd2  1-0

[Event "Muenster op"]
[Site "Muenster"]
[Date "1993.??.??"]
[Round "7"]
[White "Georg, Heinz"]
[Black "Robovic, Saudin"]
[Result "0-1"]
[WhiteElo "2235"]
[BlackElo "2365"]

1.e4 c5 2.Nf3 e6 3.d4 cxd4 4.Nxd4 a6 5.Bd3 Nf6 6.Qe2 d6 7.c4 Qc7 8.Nc3 g6
9.O-O Bg7 10.Be3 O-O 11.Rac1 Nbd7 12.f4 b6 13.b4 Bb7 14.Nb3 Rac8 15.a4 Qb8
16.a5 bxa5 17.Nxa5 Ba8 18.b5 Nc5 19.Bxc5 Rxc5 20.Na4 Rh5 21.g4 Nxg4 22.Qxg4 axb5
23.cxb5 Qa7+ 24.b6 Qxa5 25.Rc4 d5  0-1